Sociología educacional: introducción a su desarrollo como campo práctico de estudio
Uloženo v:
| Hlavní autor: | |
|---|---|
| Médium: | Kniha |
| Jazyk: | španělština |
| Vydáno: |
Buenos Aires
Troquel
1971
|
| Edice: | Biblioteca de la Nueva Educación
|
| Témata: | |
| Tagy: |
Přidat tag
Žádné tagy, Buďte první, kdo vytvoří štítek k tomuto záznamu!
|
MARC
| LEADER | 00000nam a2200000 a 4500 | ||
|---|---|---|---|
| 001 | UCU0910 | ||
| 003 | CL-VaPUC | ||
| 008 | 960329e19710000AG |||||||||||||||||spa|d | ||
| 082 | 0 | 4 | |a 370.19 |b JEN |2 21 |
| 100 | 0 | |a Jensen, Gale E |e author |9 356392 | |
| 245 | 1 | 0 | |a Sociología educacional: introducción a su desarrollo como campo práctico de estudio |
| 300 | |a 132 p | ||
| 942 | |c BK | ||
| 945 | |d 19960329 00:00:00 |a cmena | ||
| 260 | |a Buenos Aires |b Troquel |c 1971 | ||
| 650 | 0 | |a Sociología de la educación |9 260380 | |
| 650 | 0 | |a Sociología |9 255410 | |
| 650 | 0 | |a Educación |9 258661 | |
| 583 | |a last modification |c 19960329 00:00:00 |k Rodrigo Vera | ||
| 490 | 0 | |a Biblioteca de la Nueva Educación | |
| 999 | |c 245688 |d 245686 | ||
| 952 | |0 0 |1 0 |4 0 |6 370_190000000000000_JEN_1971 |7 0 |8 P |9 260276 |a BIBEDU |b BIBEDU |c BIBEDU_PB |d 2019-11-19 |i 1635158 |o 370.19 JEN 1971 |p 1635158 |r 2024-01-25 |w 2019-11-19 |y BK |k EDU | ||
| 952 | |0 0 |1 0 |4 0 |6 370_190000000000000_JEN_1971 |7 0 |8 P |9 260277 |a BIBEDU |b BIBEDU |c BIBEDU_PB |d 2019-11-19 |i 1635093 |o 370.19 JEN 1971 |p 1635093 |r 2024-01-25 |w 2019-11-19 |y BK |k EDU | ||